[Event "Prague Visus op"]
[Site "Prague"]
[Date "2005.07.08"]
[Round "7"]
[White "Ruzyak, Pavel"]
[Black "Eretova, Kveta"]
[Result "1/2-1/2"]
[WhiteElo "1913"]
[BlackElo "2133"]
[PlyCount "81"]
[EventDate "2005.07.02"]
[EventType "swiss"]
[EventRounds "9"]
[EventCountry "CZE"]
[SourceTitle "CBM 107 Extra"]
[Source "ChessBase"]
[SourceDate "2005.09.01"]
[SourceVersion "1"]
[SourceVersionDate "2005.09.01"]
[SourceQuality "1"]

1. d4 Nf6 2. c4 d6 3. Nf3 g6 4. Nc3 Bg7 5. e4 0-0 6. Be2 Nbd7 7. 0-0 c5 8. d5 Re8 9. h3 a6 10. Be3 Rb8 11. Qd2 b5 12. Bd3 bxc4 13. Bxc4 Nb6 14. Bb3 Qc7 15. Rad1 Nfd7 16. Rfe1 Bb7 17. Na4 Bc8 18. Nc3 Bb7 19. Na4 Nxa4 20. Bxa4 Bc8 21. Rb1 Rb4 22. Qc2 a5 23. Bd2 Rb8 24. Bc3 Rd8 25. Bxg7 Kxg7 26. Qc3+ Kg8 27. Bxd7 Bxd7 28. e5 dxe5 29. Rxe5 Re8 30. Rbe1 Qd6 31. Qxa5 Rxb2 32. Rxe7 Reb8 33. Re8+ Bxe8 34. Qa7 c4 35. Qd4 Rc8 36. Rc1 Rc5 37. Rxc4 Rxd5 38. Qf4 Qxf4 39. Rxf4 Ra5 40. Rd4 Bc6 41. Rd2 1/2-1/2

[Event "Prague Visus op"]
[Site "Prague"]
[Date "2005.07.02"]
[Round "1"]
[White "Klecker, Tadeas"]
[Black "Eretova, Kveta"]
[Result "0-1"]
[WhiteElo "1832"]
[BlackElo "2133"]
[PlyCount "124"]
[EventDate "2005.07.02"]
[EventType "swiss"]
[EventRounds "9"]
[EventCountry "CZE"]
[SourceTitle "CBM 107 Extra"]
[Source "ChessBase"]
[SourceDate "2005.09.01"]
[SourceVersion "1"]
[SourceVersionDate "2005.09.01"]
[SourceQuality "1"]

1. d4 Nf6 2. c4 d6 3. Nf3 g6 4. Nc3 Bg7 5. e4 0-0 6. Be2 Nbd7 7. Be3 e5 8. d5 a5 9. Nd2 b6 10. 0-0 Nc5 11. a3 Bd7 12. b4 Nb7 13. b5 Ne8 14. Re1 f5 15. f3 f4 16. Bf2 g5 17. h3 Nf6 18. Nf1 Rf7 19. Nh2 h5 20. a4 Bh6 21. Kf1 Rg7 22. Bd3 Qe7 23. Ke2 g4 24. hxg4 hxg4 25. fxg4 Nxg4 26. Nf3 Ne3 27. Bxe3 fxe3 28. Rg1 Rf8 29. Qc2 Nc5 30. Raf1 Bg4 31. Kd1 Bg5 32. Be2 Bf4 33. Ne1 Bg3 34. Rxf8+ Qxf8 35. Bxg4 Rxg4 36. Qe2 Rg7 37. Rh1 Qf2 38. Nc2 Qxe2+ 39. Kxe2 Bf2 40. Nxe3 Bxe3 41. Kxe3 Rg3+ 42. Kd2 Rxg2+ 43. Kd1 Rg3 44. Kc2 Rd3 45. Re1 Kg7 46. Re2 Rg3 47. Rh2 Rg4 48. Re2 Kg6 49. Kd1 Kg5 50. Kc2 Rh4 51. Rg2+ Kf4 52. Rg7 Rh2+ 53. Kd1 Ke3 54. Kc1 Kd3 55. Rg3+ Kxc4 56. Nd1 Nxa4 57. Rg7 Nc5 58. Rxc7 a4 59. Rc6 Kxb5 60. Rxd6 a3 61. Nc3+ Kc4 62. Rxb6 Kxc3 0-1

[Event "CZE-chT2J 0203"]
[Site "Czech Republic"]
[Date "2003.??.??"]
[Round "7"]
[White "Eretova, Kveta"]
[Black "Drabek, Miloslav"]
[Result "1/2-1/2"]
[WhiteElo "2155"]
[BlackElo "2096"]
[PlyCount "139"]
[EventDate "2002.10.??"]
[EventType "team"]
[EventRounds "11"]
[EventCountry "CZE"]
[SourceTitle "EXT 2007"]
[Source "ChessBase"]
[SourceDate "2006.11.23"]
[SourceVersion "1"]
[SourceVersionDate "2006.11.23"]
[SourceQuality "1"]

1. d4 d6 2. c4 Nf6 3. Nc3 e5 4. dxe5 dxe5 5. Qxd8+ Kxd8 6. Bg5 Nbd7 7. 0-0-0 c6 8. Nf3 Kc7 9. Bxf6 gxf6 10. Rg1 Bb4 11. Kc2 Nc5 12. Nd2 Bf5+ 13. Kc1 Rad8 14. g4 Rhg8 15. h3 Bxc3 16. bxc3 h5 17. f3 Be6 18. Rg2 hxg4 19. hxg4 f5 20. gxf5 Bxf5 21. Rxg8 Rxg8 22. e4 Be6 23. Be2 Rg2 24. Re1 Bd7 25. Kc2 Ne6 26. Nf1 Nf4 27. Kd2 Be6 28. Ne3 Rh2 29. c5 Bxa2 30. Ng4 Rh5 31. Nf6 Rh8 32. Bf1 Be6 33. Ke3 Rh1 34. Rd1 Rh8 35. Ra1 a6 36. Rd1 Rd8 37. Rxd8 Kxd8 38. Kd2 Ke7 39. Ng8+ Kd8 40. Nf6 Ng6 41. Be2 Nf8 42. Ke3 Nd7 43. Nxd7 Kxd7 44. Bd1 Kc7 45. f4 f6 46. fxe5 fxe5 47. Kd3 b6 48. cxb6+ Kxb6 49. Ba4 Kc5 50. Kc2 Bc4 51. Kd2 a5 52. Kc2 Bb5 53. Bb3 a4 54. Bf7 a3 55. Be6 Bc4 56. Bg4 Kd6 57. Bh5 Ke7 58. Bg4 Kf6 59. Bd7 c5 60. Bc6 Kg5 61. Bb7 Kf4 62. Bc6 Bd3+ 63. Kb3 Bxe4 64. Bb5 Bf3 65. Kxa3 Ke3 66. Kb3 Kd2 67. Kc4 Be2+ 68. Kxc5 e4 69. Kd4 e3 70. Be8 1/2-1/2

[Event "CZE-ch (Women)"]
[Site "Klatovy"]
[Date "1998.05.09"]
[Round "2"]
[White "Slepankova, Radka"]
[Black "Eretova, Kveta"]
[Result "0-1"]
[WhiteElo "2070"]
[BlackElo "2155"]
[PlyCount "92"]
[EventDate "1998.05.08"]
[EventType "swiss"]
[EventRounds "9"]
[EventCountry "CZE"]
[SourceTitle "CBM 065 Extra"]
[Source "ChessBase"]
[SourceDate "1998.09.09"]
[SourceVersion "1"]
[SourceVersionDate "1998.09.09"]
[SourceQuality "1"]

1. e4 d5 2. exd5 Qxd5 3. Nc3 Qa5 4. d4 Nf6 5. Nf3 Bg4 6. Be2 c6 7. Ne5 Bxe2 8. Qxe2 e6 9. 0-0 Be7 10. Ne4 0-0 11. f4 Nbd7 12. Nxf6+ Nxf6 13. f5 Qd8 14. c3 exf5 15. Rxf5 c5 16. dxc5 Bxc5+ 17. Be3 Bxe3+ 18. Qxe3 Re8 19. Qd4 Qxd4+ 20. cxd4 Rad8 21. Rd1 Rd5 22. Rff1 h6 23. Nf3 Ra5 24. a3 Rb5 25. Rf2 Re3 26. Rc2 Reb3 27. Rc8+ Kh7 28. Ne5 Rxb2 29. Nxf7 Ng4 30. Nd6 R5b3 31. Nc4 Rb1 32. Rf1 Rxf1+ 33. Kxf1 b5 34. Nd6 Nxh2+ 35. Ke2 a6 36. d5 Rxa3 37. Nb7 Ra2+ 38. Kd3 Ng4 39. d6 Nf6 40. g4 Ra1 41. Kd4 b4 42. Nc5 Rd1+ 43. Nd3 a5 44. Ra8 b3 45. Rb8 a4 46. Rb4 a3 0-1

[Event "CZE-ch (Women)"]
[Site "Olomouc"]
[Date "1995.??.??"]
[Round "?"]
[White "Eretova, Kveta"]
[Black "Kubikova, Hana"]
[Result "1/2-1/2"]
[WhiteElo "2145"]
[BlackElo "2145"]
[PlyCount "47"]
[EventDate "1995.??.??"]
[EventType "swiss"]
[EventRounds "9"]
[EventCountry "CZE"]
[SourceTitle "EXT 1997"]
[Source "ChessBase"]
[SourceDate "1996.11.15"]
[SourceVersion "1"]
[SourceVersionDate "1996.11.15"]
[SourceQuality "1"]

1. Nf3 Nf6 2. c4 g6 3. g3 Bg7 4. Bg2 d6 5. d4 0-0 6. Nc3 Nbd7 7. 0-0 e5 8. e4 Re8 9. Re1 exd4 10. Nxd4 Nc5 11. h3 a5 12. Qc2 c6 13. Be3 a4 14. Rad1 Qa5 15. Bf4 Bf8 16. Bd2 Qb6 17. Be3 Qb4 18. a3 Qa5 19. Kh2 Qc7 20. f4 Qe7 21. Bf2 Nfd7 22. Re2 Bg7 23. Rde1 Qd8 24. Rd2 1/2-1/2

[Event "CZE-ch (Women)"]
[Site "Olomouc"]
[Date "1995.??.??"]
[Round "?"]
[White "Eretova, Kveta"]
[Black "Svobodova, Michaela"]
[Result "1/2-1/2"]
[WhiteElo "2145"]
[BlackElo "2120"]
[PlyCount "65"]
[EventDate "1995.??.??"]
[EventType "swiss"]
[EventRounds "9"]
[EventCountry "CZE"]
[SourceTitle "EXT 1997"]
[Source "ChessBase"]
[SourceDate "1996.11.15"]
[SourceVersion "1"]
[SourceVersionDate "1996.11.15"]
[SourceQuality "1"]

1. d4 d5 2. Nf3 Nf6 3. c4 c6 4. Qc2 g6 5. Bf4 Bf5 6. Qb3 Qb6 7. c5 Qxb3 8. axb3 Bxb1 9. Rxb1 Nbd7 10. h3 Bg7 11. e3 0-0 12. b4 a6 13. Be2 Rfe8 14. Ne5 Nxe5 15. Bxe5 Nd7 16. Bxg7 Kxg7 17. f4 f6 18. Kd2 e5 19. Rbe1 Re7 20. Bd3 Rae8 21. f5 gxf5 22. Bxf5 Nf8 23. Rhf1 Ne6 24. dxe5 fxe5 25. Bxe6 Rxe6 26. Rf5 Rf8 27. Rxf8 Kxf8 28. Rf1+ Kg7 29. Rf5 e4 30. Ke2 Re8 31. h4 Ra8 32. Re5 Kf6 33. Rh5 1/2-1/2

[Event "CZE-ch (Women)"]
[Site "Nymburk"]
[Date "1994.??.??"]
[Round "5"]
[White "Eretova, Kveta"]
[Black "Ptacnikova, Lenka"]
[Result "1-0"]
[WhiteElo "2090"]
[BlackElo "2240"]
[PlyCount "109"]
[EventDate "1994.??.??"]
[EventType "swiss"]
[EventRounds "9"]
[EventCountry "CZE"]
[SourceTitle "EXT 1997"]
[Source "ChessBase"]
[SourceDate "1996.11.15"]
[SourceVersion "1"]
[SourceVersionDate "1996.11.15"]
[SourceQuality "1"]

1. d4 d5 2. Nf3 Nf6 3. c4 e6 4. g3 Be7 5. Bg2 dxc4 6. Qa4+ Bd7 7. Qxc4 Bc6 8. Nc3 0-0 9. 0-0 Nbd7 10. Qd3 Nd5 11. Nxd5 exd5 12. Bf4 Re8 13. Rac1 Bf6 14. h4 a6 15. Rfe1 h6 16. Nh2 Nf8 17. Ng4 Ne6 18. Nxf6+ Qxf6 19. Be5 Qd8 20. Qd2 f6 21. Bf4 Rc8 22. Bf3 Bb5 23. b3 Re7 24. Rc2 Nxf4 25. Qxf4 Be8 26. Rec1 c6 27. Rc5 Ra8 28. h5 Qb8 29. Qxb8 Rxb8 30. e3 Bd7 31. b4 Kf7 32. Kg2 Ke6 33. a4 Kd6 34. b5 axb5 35. axb5 Ree8 36. bxc6 bxc6 37. Be2 Rb2 38. R1c2 Rb1 39. Bd3 Ra1 40. g4 Rb8 41. Bf5 Rb6 42. Bxd7 Kxd7 43. Kf3 f5 44. gxf5 Rh1 45. Kg4 Rg1+ 46. Kf4 Rh1 47. Ra5 Rb7 48. Ra6 Rc7 49. f3 Rxh5 50. Rg2 Kc8 51. Ra8+ Kb7 52. Rg8 Rf7 53. e4 dxe4 54. fxe4 g5+ 55. Ke5 1-0

[Event "Menchik Memorial"]
[Site "Ceske Budejovice"]
[Date "1994.??.??"]
[Round "5"]
[White "Guenther, Anetta"]
[Black "Eretova, Kveta"]
[Result "1/2-1/2"]
[WhiteElo "2160"]
[BlackElo "2090"]
[PlyCount "94"]
[EventDate "1994.??.??"]
[EventType "tourn"]
[EventRounds "9"]
[EventCountry "CZE"]
[SourceTitle "EXT 1997"]
[Source "ChessBase"]
[SourceDate "1996.11.15"]
[SourceVersion "1"]
[SourceVersionDate "1996.11.15"]
[SourceQuality "1"]

1. e4 e5 2. Nf3 Nc6 3. Bb5 a6 4. Ba4 d6 5. 0-0 Nf6 6. Re1 Be7 7. h3 b5 8. Bb3 Na5 9. c3 Nxb3 10. axb3 0-0 11. d4 Bb7 12. Nbd2 Re8 13. d5 c6 14. c4 cxd5 15. cxd5 Nd7 16. Nf1 h6 17. Ng3 Bf8 18. Be3 Kh7 19. Nh2 Rc8 20. Qf3 Nf6 21. Ng4 Nxg4 22. hxg4 Qd7 23. g5 hxg5 24. Bxg5 g6 25. Bf6 Bh6 26. Nf1 Rc7 27. Nh2 Bc8 28. Qg3 Bg7 29. Qh4+ Kg8 30. Rec1 Bxf6 31. Qxf6 Qe7 32. Qf3 Kg7 33. Qe3 Rh8 34. Nf3 Bb7 35. Qb6 Rhc8 36. Qe3 f6 37. Ne1 Qd7 38. Nd3 Rxc1+ 39. Rxc1 Rxc1+ 40. Qxc1 Qc8 41. Qxc8 Bxc8 42. b4 Kf7 43. Kf1 f5 44. f3 f4 45. Nc1 g5 46. Kf2 Ke7 47. Nb3 Bd7 1/2-1/2

[Event "CZE-ch (Women)"]
[Site "Nymburk"]
[Date "1994.??.??"]
[Round "6"]
[White "Krupkova, Petra"]
[Black "Eretova, Kveta"]
[Result "1/2-1/2"]
[WhiteElo "2235"]
[BlackElo "2090"]
[PlyCount "64"]
[EventDate "1994.??.??"]
[EventType "swiss"]
[EventRounds "9"]
[EventCountry "CZE"]
[SourceTitle "EXT 1997"]
[Source "ChessBase"]
[SourceDate "1996.11.15"]
[SourceVersion "1"]
[SourceVersionDate "1996.11.15"]
[SourceQuality "1"]

1. d4 Nf6 2. Nc3 d5 3. Bg5 Bf5 4. Bxf6 exf6 5. e3 c6 6. Bd3 Bg6 7. Nf3 Bd6 8. 0-0 f5 9. Ne2 Nd7 10. c4 dxc4 11. Bxc4 0-0 12. Rc1 Qf6 13. Bd3 Bh5 14. Ng3 Bxf3 15. Qxf3 g6 16. Rfd1 Qh4 17. Nf1 Rfe8 18. g3 Qe7 19. Nd2 Nf6 20. Kg2 Rad8 21. a3 a5 22. h4 Ne4 23. Bc4 Bc7 24. Ba2 Rd7 25. Rc2 Kg7 26. Rdc1 Nf6 27. Rc5 Qd8 28. Bb1 Bd6 29. R5c4 Rde7 30. Rh1 h5 31. Rhc1 Ng4 32. Nf1 Bc7 1/2-1/2

[Event "Policka (Women)"]
[Site "Policka"]
[Date "1993.??.??"]
[Round "6"]
[White "Eretova, Kveta"]
[Black "Grabuzova, Tatiana"]
[Result "0-1"]
[WhiteElo "2090"]
[BlackElo "2275"]
[PlyCount "93"]
[EventDate "1993.??.??"]
[EventType "tourn"]
[EventRounds "9"]
[EventCountry "CZE"]
[SourceTitle "EXT 1997"]
[Source "ChessBase"]
[SourceDate "1996.11.15"]
[SourceVersion "1"]
[SourceVersionDate "1996.11.15"]
[SourceQuality "1"]

1. d4 e6 2. Nf3 c5 3. c3 Nc6 4. g3 d5 5. Bg2 Bd6 6. 0-0 Nf6 7. h3 Ne4 8. Bf4 Bxf4 9. gxf4 cxd4 10. cxd4 Qb6 11. b3 Bd7 12. e3 f5 13. Ne1 0-0-0 14. Kh2 h6 15. Nd2 g5 16. Nd3 Ne7 17. Ne5 Bb5 18. Rc1+ Kb8 19. Nxe4 fxe4 20. Rg1 gxf4 21. Nf7 fxe3 22. fxe3 Rhg8 23. Nxd8 Qd6+ 24. Kh1 Nf5 25. Bxe4 Rxg1+ 26. Qxg1 Ng3+ 27. Kg2 Ne2 28. Qh2 Qxh2+ 29. Kxh2 Nxc1 30. Bg6 Bd7 31. Bb1 Ne2 32. a3 Nc3 33. Bc2 Nb5 34. Nf7 Nxa3 35. Bd3 h5 36. Ne5 Be8 37. Kg3 b5 38. Nf3 Kc7 39. h4 a5 40. Kf2 Kd6 41. Ke2 Ke7 42. Kd2 b4 43. Ne5 Kf6 44. Kc1 Nb5 45. Ng6 Nxd4 46. exd4 Bxg6 47. Be2 0-1

[Event "Policka (Women)"]
[Site "Policka"]
[Date "1993.??.??"]
[Round "3"]
[White "Kawaciukova, Zuzana"]
[Black "Eretova, Kveta"]
[Result "0-1"]
[WhiteElo "2085"]
[BlackElo "2090"]
[PlyCount "100"]
[EventDate "1993.??.??"]
[EventType "tourn"]
[EventRounds "9"]
[EventCountry "CZE"]
[SourceTitle "EXT 1997"]
[Source "ChessBase"]
[SourceDate "1996.11.15"]
[SourceVersion "1"]
[SourceVersionDate "1996.11.15"]
[SourceQuality "1"]

1. e4 e5 2. Nf3 Nc6 3. Bb5 a6 4. Ba4 d6 5. c3 Nge7 6. d3 Ng6 7. Be3 Be7 8. Nbd2 0-0 9. h4 Bg4 10. g3 Re8 11. Qc2 b5 12. Bb3 Na5 13. Ng5 Nxb3 14. Qxb3 Nh8 15. f3 Bd7 16. f4 h6 17. Ngf3 Bf8 18. f5 Bc6 19. g4 d5 20. Qc2 a5 21. g5 h5 22. Rg1 Qd7 23. 0-0-0 b4 24. c4 d4 25. Bf2 a4 26. b3 axb3 27. Nxb3 Ra3 28. Kd2 Qc8 29. Rb1 Qa8 30. Rb2 Bd7 31. Nh2 c5 32. Nf1 g6 33. f6 Re6 34. Nh2 Rea6 35. Ra1 Ba4 36. Rab1 Qc8 37. Qd1 Qh3 38. Qg1 Bc6 39. Qg3 Qe6 40. Nc1 Bxe4 41. Nf3 Bc6 42. Rb3 Bd6 43. Qg2 e4 44. dxe4 Bf4+ 45. Kd1 Bxe4 46. R1b2 Rxb3 47. Nxb3 Qc6 48. Nbxd4 cxd4 49. Qh3 Bxf3+ 50. Ke1 Bg4 0-1

[Event "Prague Bohemians (Women)"]
[Site "Prague"]
[Date "1992.??.??"]
[Round "12"]
[White "Eretova, Kveta"]
[Black "Maskova, Jana"]
[Result "1/2-1/2"]
[WhiteElo "2130"]
[BlackElo "2235"]
[PlyCount "84"]
[EventDate "1992.??.??"]
[EventType "tourn"]
[EventRounds "13"]
[EventCountry "CZE"]
[SourceTitle "TD"]
[Source "ChessBase"]
[SourceDate "1994.03.01"]
[SourceVersion "1"]
[SourceVersionDate "1994.03.01"]
[SourceQuality "1"]

1. d4 Nf6 2. Nf3 c5 3. c4 cxd4 4. Nxd4 e5 5. Nc2 Nc6 6. Nc3 d6 7. e4 Be6 8. Be2 Be7 9. 0-0 0-0 10. Be3 Rc8 11. Qd2 a6 12. Rac1 Kh8 13. f3 Nd7 14. Nd5 f5 15. Nxe7 Qxe7 16. exf5 Rxf5 17. Rfd1 Nf8 18. Qxd6 Qf7 19. Qd2 Ng6 20. g3 Nf4 21. Ne1 Nh3+ 22. Kh1 e4 23. f4 g5 24. Ng2 gxf4 25. Nxf4 Nxf4 26. gxf4 Rf6 27. Rg1 Rg8 28. Qc3 Bf5 29. Rcd1 Rxg1+ 30. Rxg1 h6 31. Bh5 Qe6 32. Rg6 Bxg6 33. Bxg6 Kg7 34. Bh5 Kf8 35. Bc5+ Ne7 36. Qd4 Kg7 37. Qd8 Nf5 38. Qc7+ Kg8 39. Qb8+ Kg7 40. Qxb7+ Kg8 41. Qb8+ Kg7 42. Qc7+ Kg8 1/2-1/2

[Event "Prague Bohemians (Women)"]
[Site "Prague"]
[Date "1992.??.??"]
[Round "8"]
[White "Eretova, Kveta"]
[Black "Modrova, Hana"]
[Result "1-0"]
[WhiteElo "2130"]
[BlackElo "2050"]
[PlyCount "53"]
[EventDate "1992.??.??"]
[EventType "tourn"]
[EventRounds "13"]
[EventCountry "CZE"]
[SourceTitle "TD"]
[Source "ChessBase"]
[SourceDate "1994.03.01"]
[SourceVersion "1"]
[SourceVersionDate "1994.03.01"]
[SourceQuality "1"]

1. d4 d6 2. Nf3 Bg4 3. Nbd2 Nd7 4. h3 Bxf3 5. Nxf3 g6 6. e4 Bg7 7. Bc4 h6 8. Qe2 c6 9. 0-0 Qc7 10. c3 e5 11. Be3 Ngf6 12. dxe5 dxe5 13. Nh4 Nb6 14. Bb3 Nh5 15. g3 Qe7 16. Nf5 gxf5 17. Qxh5 fxe4 18. Qg4 Bf6 19. Rad1 Rd8 20. Qxe4 Rxd1 21. Rxd1 Bg5 22. Bxb6 axb6 23. Qf5 Qc7 24. Bxf7+ Ke7 25. Qe6+ Kf8 26. Rd7 Qc8 27. Bh5 1-0

[Event "Prague Bohemians (Women)"]
[Site "Prague"]
[Date "1991.??.??"]
[Round "8"]
[White "Eretova, Kveta"]
[Black "Grinfeld, Alla B"]
[Result "1/2-1/2"]
[WhiteElo "2145"]
[BlackElo "2225"]
[PlyCount "21"]
[EventDate "1991.??.??"]
[EventType "tourn"]
[EventRounds "11"]
[EventCountry "CZE"]
[SourceTitle "TD"]
[Source "ChessBase"]
[SourceDate "1994.03.01"]
[SourceVersion "1"]
[SourceVersionDate "1994.03.01"]
[SourceQuality "1"]

1. d4 e6 2. Nf3 c5 3. e3 Nf6 4. Bd3 b6 5. Nbd2 Bb7 6. Qe2 Nc6 7. c3 d5 8. 0-0 Be7 9. Ne5 Nxe5 10. dxe5 Nd7 11. f4 1/2-1/2

[Event "Prague Bohemians (Women)"]
[Site "Prague"]
[Date "1991.??.??"]
[Round "6"]
[White "Eretova, Kveta"]
[Black "Modrova, Hana"]
[Result "1/2-1/2"]
[WhiteElo "2145"]
[BlackElo "2065"]
[PlyCount "57"]
[EventDate "1991.??.??"]
[EventType "tourn"]
[EventRounds "11"]
[EventCountry "CZE"]
[SourceTitle "TD"]
[Source "ChessBase"]
[SourceDate "1994.03.01"]
[SourceVersion "1"]
[SourceVersionDate "1994.03.01"]
[SourceQuality "1"]

1. d4 d6 2. c4 e5 3. dxe5 dxe5 4. Qxd8+ Kxd8 5. Nf3 f6 6. e4 c6 7. Nc3 Be6 8. Be3 Nd7 9. 0-0-0 Kc7 10. Rg1 h5 11. h3 Nh6 12. Be2 g5 13. Nh2 Nf7 14. Nf1 Nd6 15. b3 Be7 16. Nd2 a5 17. c5 Nc8 18. Na4 b5 19. cxb6+ Ncxb6 20. Nxb6 Nxb6 21. Bxb6+ Kxb6 22. Bc4 Bc8 23. a4 Rd8 24. Be2 Be6 25. Nc4+ Kc7 26. Rxd8 Rxd8 27. Rd1 Bxc4 28. Bxc4 Rxd1+ 29. Kxd1 1/2-1/2

[Event "Prague Bohemians (Women)"]
[Site "Prague"]
[Date "1990.??.??"]
[Round "?"]
[White "Eretova, Kveta"]
[Black "Maskova, Jana"]
[Result "0-1"]
[WhiteElo "2160"]
[BlackElo "2230"]
[PlyCount "124"]
[EventDate "1990.01.??"]
[EventType "tourn"]
[EventRounds "11"]
[EventCountry "CZE"]
[SourceTitle "TD"]
[Source "ChessBase"]
[SourceDate "1994.03.01"]
[SourceVersion "1"]
[SourceVersionDate "1994.03.01"]
[SourceQuality "1"]

1. Nf3 Nf6 2. d4 c5 3. c4 cxd4 4. Nxd4 e5 5. Nf3 e4 6. Nd4 Nc6 7. e3 Bc5 8. Nc3 0-0 9. Be2 Ne5 10. 0-0 Re8 11. Nb3 Bf8 12. Nd5 Nxd5 13. cxd5 d6 14. Bd2 Qg5 15. Kh1 Bg4 16. f3 exf3 17. gxf3 Bh3 18. Rg1 Qe7 19. Rg3 Bd7 20. f4 Ng6 21. Bd3 Rac8 22. Qh5 Qf6 23. Bc3 Rxc3 24. bxc3 Qxc3 25. Qd1 Be7 26. Rc1 Qb4 27. Rc7 Qa4 28. Rxb7 Bh4 29. Qd2 Bxg3 30. hxg3 Bg4 31. Kg2 Ne7 32. Kf2 Nf5 33. e4 Nd4 34. Rb4 Nxb3 35. axb3 Qa5 36. Ke3 f5 37. Rd4 Qc5 38. Qb4 Qc1+ 39. Qd2 Qg1+ 40. Qf2 Qd1 41. Bc2 Qh1 42. Ra4 a5 43. Rc4 Rb8 44. Kd2 fxe4 45. Rxe4 Bf5 46. Rd4 Bxc2 47. Kxc2 Qa1 48. Qe3 Qa2+ 49. Kc1 Qxb3 50. Qxb3 Rxb3 51. g4 Rb4 52. Rxb4 axb4 53. Kc2 Kf7 54. Kb3 Kf6 55. Kxb4 g5 56. fxg5+ Ke5 57. Kc4 Ke4 58. Kc3 Kxd5 59. Kd3 Ke5 60. Ke3 d5 61. Kf3 d4 62. Ke2 Kf4 0-1